Buying time the delayed crisis of democratic capitalism (Record no. 1435834)

MARC details
000 -LEADER
fixed length control field 00986 a2200289 4500
005 - DATE AND TIME OF LATEST TRANSACTION
control field 20251205162136.0
008 - FIXED-LENGTH DATA ELEMENTS--GENERAL INFORMATION
fixed length control field 251205b |||||||| |||| 00| 0 eng d
020 ## - INTERNATIONAL STANDARD BOOK NUMBER
International Standard Book Number 9781786630711 (hbk)
037 ## - SOURCE OF ACQUISITION
Terms of availability TB
040 ## - CATALOGING SOURCE
Original cataloging agency CRL
Transcribing agency CRL
041 ## - LANGUAGE CODE
Source of code eng
Language code of text/sound track or separate title eng
084 ## - COLON CLASSIFICATION NUMBER
Classification number W60aX:326 Q7
Assigning agency CRL
100 ## - MAIN ENTRY--PERSONAL NAME
Personal name Streeck, Wolfgang
9 (RLIN) 821996
245 ## - TITLE STATEMENT
Title Buying time the delayed crisis of democratic capitalism
250 ## - EDITION STATEMENT
Edition statement 2nd Ed.
260 ## - PUBLICATION, DISTRIBUTION, ETC.
Date of publication, distribution, etc. London, UK;
-- New York, USA:
Name of publisher, distributor, etc. Verso,
Place of publication, distribution, etc. 2017.
300 ## - PHYSICAL DESCRIPTION
Extent lxvi, 222p.
365 ## - TRADE PRICE
Price amount 12.99
Currency code UKP
650 ## - SUBJECT ADDED ENTRY--TOPICAL TERM
Topical term or geographic name entry element Political Science
9 (RLIN) 855003
650 ## - SUBJECT ADDED ENTRY--TOPICAL TERM
Topical term or geographic name entry element Democracy
9 (RLIN) 855004
650 ## - SUBJECT ADDED ENTRY--TOPICAL TERM
Topical term or geographic name entry element Economics
9 (RLIN) 855005
650 ## - SUBJECT ADDED ENTRY--TOPICAL TERM
Topical term or geographic name entry element Capitalism
9 (RLIN) 855006
700 ## - ADDED ENTRY--PERSONAL NAME
Personal name Camiller, Patrick
Relator term translator.
9 (RLIN) 855007
700 ## - ADDED ENTRY--PERSONAL NAME
Personal name Fernbach, David
Relator term translator.
9 (RLIN) 855008
942 ## - ADDED ENTRY ELEMENTS (KOHA)
Koha item type Textbook
Source of classification or shelving scheme Colon Classification (CC)
Suppress in OPAC No
Edition 2nd Ed.
Classification part W60aX:326 Q7
Holdings
Withdrawn status Lost status Source of classification or shelving scheme Damaged status Not for loan Home library Current library Date acquired Source of acquisition Cost, normal purchase price Inventory number Total Checkouts Full call number Barcode Date last seen Cost, replacement price Price effective from Koha item type
    Colon Classification (CC)     Central Library Central Library 2025-10-09 58/ Segment Book Distributors 1086.44 70816 & 2025-10-01   W60aX:326 Q7 CL1923815 2025-10-09 1552.05 2025-10-09 Textbook
Copyright @ Delhi University Library System